000 00263nam a22001097a 4500
008 170124b xxu||||| |||| 00| 0 eng d
020 _a9780835951814
041 _aeng
080 _22ND
_a618.2
245 _aESSENTIALS OF EMERGENCY CARE
_cLIMMER, D
942 _2udc
_cBK
999 _c3423
_d3423